| 000 | 00823nam a22001577a 4500 | ||
|---|---|---|---|
| 003 | OSt | ||
| 005 | 20151031145054.0 | ||
| 008 | 151031b xxu||||| |||| 00| 0 eng d | ||
| 040 | _cRUA | ||
| 082 | _aATM.s TAN 2004 B059 Or.1 | ||
| 100 |
_93086 _aTAN, SOVANNRATH. |
||
| 245 | _aStudy on the home gardening program in target area of enfants and development in kong pisei district kompong speu province, ការសិក្សាលើកម្មវិធីសួនបន្លែជាលក្ខណៈគ្រួសារនៅតំបន់គោលដៅរបស់អង្គការកុមារ និងអភិវឌ្ឍន៍នៅស្រុកគងពិសី ខេត្តកំពង់ស្ពឺ | ||
| 260 |
_aPhnom Penh _bRUA _c2004 |
||
| 300 |
_a51p. _bill. _c29cm. |
||
| 942 |
_2ddc _cATMSP |
||
| 999 |
_c2876 _d2876 |
||